Central Library OPAC University of Rajshahi

The Aryan trail in Iran and India : (Record no. 31229)

MARC details
000 -LEADER
fixed length control field 01080cam a2200289 4500
001 - CONTROL NUMBER
control field 31229
003 - CONTROL NUMBER IDENTIFIER
rucl marc code BD-RjUL
005 - DATE AND TIME OF LATEST TRANSACTION
control field 20211209051656.0
008 - FIXED-LENGTH DATA ELEMENTS--GENERAL INFORMATION
fixed length control field 140413s1937 ii 001 0 eng d
035 ## - SYSTEM CONTROL NUMBER
System control number (OCoLC)ocm04936479
System control number (BD-RjUL)31316
040 ## - CATALOGING SOURCE
Original cataloging agency DLC
Transcribing agency CLE
Modifying agency SER
-- ZCU
-- BD-RjUL
Language of cataloging eng
041 ## - LANGUAGE CODE
Language code of text/sound track or separate title eng
082 04 - DEWEY DECIMAL CLASSIFICATION NUMBER
Classification number 572.891
Author mark and year GHA 1937
099 ## - LOCAL FREE-TEXT CALL NUMBER (OCLC)
Bangla Class number 892.5AY3
-- DG4
100 1# - MAIN ENTRY--PERSONAL NAME
Personal name Ghosh, Nagendra Nath.
9 (RLIN) 95019
245 14 - TITLE STATEMENT
Title The Aryan trail in Iran and India :
Remainder of title a naturalistic study of the Vedic hymns and the Avesta /
Statement of responsibility, etc. by Nagendranath Ghose ...
260 ## - PUBLICATION, DISTRIBUTION, ETC. (IMPRINT)
Place of publication, distribution, etc. Calcutta :
Name of publisher, distributor, etc. University of Calcutta,
Date of publication, distribution, etc. 1937.
300 ## - PHYSICAL DESCRIPTION
Pagination xiii, 333 p. ;
Size 22 cm.
500 ## - GENERAL NOTE
General note "The matters investigated in this book formed the subject of a course of University extension lectures ... delivered in the Department of Anthropology of the Calcutta University in March and April, 1936."--Pref.
504 ## - BIBLIOGRAPHY, ETC. NOTE
Bibliography, etc Includes Index
650 #0 - SUBJECT ADDED ENTRY--TOPICAL TERM
Topical term or geographic name as entry element Indo-Europeans.
9 (RLIN) 20033
Topical term or geographic name as entry element Indo-Aryans.
9 (RLIN) 156507
Topical term or geographic name as entry element Indo-Iranians.
9 (RLIN) 5430
942 ## - ADDED ENTRY ELEMENTS (KOHA)
Source of classification or shelving scheme Dewey Decimal Classification
Koha item type Books
Holdings
Lost status Source of classification or shelving scheme Damaged status Not for loan Collection code Permanent Location Current Location Shelving location Date acquired Source of acquisition Cost, normal purchase price Total Checkouts Full call number Date last seen Copy number Koha item type
  Dewey Decimal Classification   Not For Loan Non-fiction Central Library, University of Rajshahi Central Library, University of Rajshahi Reading Room 26/11/1962 kamal book 4.37   572.891 GHA 1937 13/04/2014 C-1 Books
  Dewey Decimal Classification     Non-fiction Central Library, University of Rajshahi Central Library, University of Rajshahi   26/11/1962 Kamla books 4.37   572.891 GHA 1937 28/07/2016 C-2 Books